000 01269nam2a2200253 4500
001 rc\2975059
005 20260315061855.0
035 _a(NLR Aleph) 007120804
090 _a13608575
_c13608575
100 _a20110908d1938 u y0rusy50 ca
101 0 _arus
102 _aRU
105 _ay z |||||
200 1 _aСистематика растений
_eДля фак-тов естествознания пед. ин-тов
210 _d1938
215 _a48 с.
300 _aНа обороте тит. л.: "Автор А.А. Уранов"
461 0 _1001rc\2975019
_12001#$aˆ[‰Программы]$eВып. 1-$fУпр. высш. школы НКП РСФСР, Науч.-метод. кабинет по заоч. обуч.$vВып. 82
_96860415
_aНаучно-методический кабинет по заочному обучению учителей (Москва)
_c[Москва]
_d1938
_fУправление высшей школы НКП РСФСР, Науч.-метод. кабинет по заочному обучению
_nНаркомпрос РСФСР
_t[Программы]
_vВып. 82
701 1 _aУранов
_bА.А.
801 0 _aRU
_bNLR
_gpsbo
801 1 _aRU
_bELAR
_2rusmarc
852 _aNLR
_j37-18/278(82)
942 _cUNSPEC
980 _aNB